|
|
|
|
| LEADER |
00000nab a2200000 a 4500 |
| 001 |
vtls000807766 |
| 003 |
SK-MaSNL |
| 005 |
20260302150209.0 |
| 008 |
160324c2002 xo 0 slo |
| 015 |
|
|
|a SNBRB2002/11-34827
|
| 035 |
|
|
|a CLN000159421
|
| 040 |
|
|
|a SNKBUCL
|b slo
|c SNKBUCL
|e AACR2
|
| 041 |
0 |
|
|a slo
|
| 044 |
|
|
|a xo
|c SK
|
| 080 |
|
|
|a 616.127-005.8:616-097:579.88:061.3
|2 1997
|
| 245 |
0 |
0 |
|a Výskyt IGG protilátok proti chlamýdiám u chorých s akútnym infarktom myokardu
|c R. Kohn ... [et al.]
|
| 650 |
0 |
7 |
|a abstrakty z kongresu
|2 snkbucl
|9 168204
|
| 650 |
0 |
7 |
|a infarkt myokardu
|2 snkbucl
|9 2496
|
| 650 |
0 |
7 |
|a Chlamydia
|2 snkbucl
|9 839428
|
| 650 |
0 |
7 |
|a IgG
|x krv
|2 snkbucl
|9 839429
|
| 655 |
|
7 |
|a články z novín a časopisov
|2 snkbucl
|9 267496
|
| 700 |
1 |
|
|a Kohn, Rudolf
|c (kardiológ)
|4 aut
|9 188489
|
| 700 |
1 |
|
|a Moťovská, Zuzana
|4 aut
|9 839430
|
| 700 |
1 |
|
|a Blaškovičová, H.
|4 aut
|9 839431
|
| 700 |
1 |
|
|a Koška, Juraj,
|d 1971-
|4 aut
|9 24835
|
| 711 |
1 |
|
|a Sympózium pracovnej skupiny Intervenčnej kardiológie pri Českej kardiologickej spoločnosti
|n 30.
|d 2002
|c Olomouc, Česko
|4 aut
|9 839432
|
| 773 |
0 |
|
|x 0010-8650
|t Cor et vasa
|g Roč. 44, č. 3 (2002), s. K 49-50
|
| 850 |
|
|
|a Slovenská národná knižnica v Martine
|
| 852 |
|
|
|a SNK
|b KIS3GCP
|
| 958 |
|
|
|a MI
|
| 999 |
|
|
|c 1356708
|d 1358638
|